000 00272nam a2200109Ia 4500
008 220204s9999 xx 000 0 und d
082 _a82-3
_bBLY
100 _aBlyton, Enid
245 0 _aFive on finniston farm
260 _aLondon
_bHodder and Stoughton
_c1981
942 _cBK
999 _c37709
_d37709